| 000 | 00420nam a22001577a 4500 | ||
|---|---|---|---|
| 005 | 20260413150848.0 | ||
| 008 | 260413b |||||||| |||| 00| 0 eng d | ||
| 020 | _a9781864709162 | ||
| 040 | _cPK-LaNCA | ||
| 082 |
_a720.5 _bARC |
||
| 245 | _aArchitecture Asia: living in the 21st century | ||
| 260 |
_aImages Publishing Group _bNew York _c2021 |
||
| 300 | _a112p.; ills | ||
| 650 | _aArchitecture - Asia | ||
| 942 | _cBK | ||
| 999 |
_c67205 _d67205 |
||